01195nam a2200289Ia 4500001001200000003000800012006001900020007001500039008004100054010001700095020001800112040002100130035002100151050002700172100004200199245004100241260006100282300001000343490006700353533015200420600006100572650003200633655002900665710001700694830006800711856012600779ebr10167156CaPaEBRm u cr cn|||||||||861028s1959 mnu s 000 0 eng d z 59063268  z9780816601929 aCaPaEBRcCaPaEBR a(OCoLC)19193589614aPS3511.R94bT46 1959eb1 aThompson, Lawrance Roger,d1906-1973.10aRobert Frosth[electronic resource]. aMinneapolis, MN :bUniversity of Minnesota Press,c1959. a46 p.1 aUniversity of Minnesota pamphlets on American writers ;vno. 2 aElectronic reproduction.bPalo Alto, Calif. :cebrary,d2009.nAvailable via World Wide Web.nAccess may be limited to ebrary affiliated libraries.10aFrost, Robert,d1874-1963xCriticism and interpretation. 0aPoets, AmericanvBiography. 7aElectronic books.2local2 aebrary, Inc. 0aUniversity of Minnesota pamphlets on American writers ;vno. 2.40uhttp://site.ebrary.com/lib/rucke/Doc?id=10167156zAn electronic book accessible through the World Wide Web; click to view